<?xml version="1.0" encoding="UTF-8"?>
<record
    xmlns:xsi="http://www.w3.org/2001/XMLSchema-instance"
    xsi:schemaLocation="http://www.loc.gov/MARC21/slim http://www.loc.gov/standards/marcxml/schema/MARC21slim.xsd"
    xmlns="http://www.loc.gov/MARC21/slim">

  <leader>00599nam a22001817a 4500</leader>
  <controlfield tag="003">UA-OsUOA</controlfield>
  <controlfield tag="001"> 15619 </controlfield>
  <controlfield tag="007">ta</controlfield>
  <controlfield tag="008">20031119b un ||||| |||| 00| 0 ukr d</controlfield>
  <datafield tag="100" ind1=" " ind2=" ">
    <subfield code="a">&#x421;&#x456;&#x440;&#x43A;&#x43E; &#x41C;.</subfield>
  </datafield>
  <datafield tag="942" ind1=" " ind2=" ">
    <subfield code="c">SA</subfield>
  </datafield>
  <datafield tag="040" ind1=" " ind2=" ">
    <subfield code="a">UA-OsUOA</subfield>
    <subfield code="c">UA-OsUOA</subfield>
    <subfield code="d">UA-OsUOA</subfield>
  </datafield>
  <datafield tag="245" ind1=" " ind2=" ">
    <subfield code="a">&#x416;&#x438;&#x442;&#x442;&#x454;&#x432;&#x435; &#x43A;&#x440;&#x435;&#x434;&#x43E; - &#x441;&#x43B;&#x443;&#x436;&#x456;&#x43D;&#x43D;&#x44F; &#x434;&#x456;&#x442;&#x442;&#x44F;&#x43C; : [&#x414;&#x438;&#x440;. &#x420;&#x456;&#x432;&#x43D;&#x435;&#x43D;. &#x43F;&#x440;&#x43E;&#x444;. &#x443;&#x447;-&#x449;&#x430; N1 &#x440;&#x43E;&#x437;&#x43F;&#x43E;&#x432;&#x456;&#x434;&#x430;&#x454; &#x43F;&#x440;&#x43E; &#x446;&#x435;&#x439; &#x43D;&#x430;&#x432;&#x447;. &#x437;&#x430;&#x43A;&#x43B;&#x430;&#x434;]</subfield>
  </datafield>
  <datafield tag="300" ind1=" " ind2=" ">
    <subfield code="a">&#x421;.1.3</subfield>
  </datafield>
  <datafield tag="955" ind1=" " ind2=" ">
    <subfield code="a">0</subfield>
  </datafield>
  <datafield tag="773" ind1="0" ind2=" ">
    <subfield code="w">0</subfield>
    <subfield code="t">&#x406;&#x43C;&#x456;&#x434;&#x436;</subfield>
    <subfield code="d">&#x420;&#x456;&#x432;&#x43D;&#x435;</subfield>
    <subfield code="d">2003</subfield>
    <subfield code="g">&#x2116;14/&#x421;&#x435;&#x440;&#x43F;./</subfield>
  </datafield>
  <datafield tag="650" ind1=" " ind2="7">
    <subfield code="a">&#x41A;&#x440;&#x430;&#x454;&#x437;&#x43D;&#x430;&#x432;&#x447;&#x430; &#x440;&#x43E;&#x431;&#x43E;&#x442;&#x430;</subfield>
    <subfield code="2">UDC</subfield>
  </datafield>
  <datafield tag="999" ind1=" " ind2=" ">
    <subfield code="c">301784</subfield>
    <subfield code="d">301784</subfield>
  </datafield>
</record>
